| 000 | 00799nam a2200229 a 4500 | ||
|---|---|---|---|
| 001 | 72118 | ||
| 003 | BD-RjUL | ||
| 005 | 20211209082219.0 | ||
| 008 | 170514s1964 bg |||| |||| 000 0 ben d | ||
| 020 | _c: Tk. 4.00 | ||
| 035 | _a(BD-RjUL)72334 | ||
| 040 |
_aBD-RjUL _bben _cBD-RjUL _dBD-RjUL |
||
| 041 | _aben | ||
| 082 |
_223 _a297.09 _bAHM 1964 |
||
| 100 | 1 |
_aআহমদ, আবুয্ যোহা নূর _9213280 |
|
| 245 | 1 | 0 |
_aমুসলিম বিজেতা / _cআবুয্ যোহা নূর আহমদ |
| 260 |
_aঢাকা : _bপাক কিতাব ঘর, _c১৯৬৪ [১৩৭১] |
||
| 300 |
_a১৯০ পৃ. ; _c২৪ সেমি. |
||
| 650 |
_aইসলাম _xইতিহাস _9213281 |
||
| 650 |
_aIslam _xHistory _9213282 |
||
| 942 |
_2ddc _cBK |
||
| 999 |
_c72118 _d72118 |
||